History of the United States army

Bibliographic Details
Format: Book
Published: London : Cherprime , 1988
Subjects:

MARC

LEADER 00000cam a2200000 7i4500
001 0000002872
002 000003108
005 20000330.0
020 |a 185361064X 
090 0 0 |a 355.0973   |b HIS 
245 0 0 |a History of the United States army 
260 |a London :   |b Cherprime ,   |c 1988 
300 |a 157p. :   |b illust. ;   |c 31cm. 
650 0 0 |a Armed forces   |z United States 
650 0 0 |a Army   |z United States   |x History 
999 |a 035225   |b BUKU   |c PINJAMAN   |e PERPUSTAKAAN KOMUNITI PETALING JAYA 
999 |a 035226   |b BUKU   |c PINJAMAN   |e PERPUSTAKAAN KOMUNITI PETALING JAYA